[Event "Frankfurt-chA"]
[Site "Frankfurt"]
[Date "2016.05.23"]
[Round "4"]
[White "Kellerwessel, Ralf"]
[Black "Rondonuwu, Grover"]
[Result "0-1"]
[WhiteElo "1923"]
[BlackElo "1976"]
[PlyCount "64"]
[EventDate "2016.04.25"]
[EventType "swiss"]
[EventRounds "9"]
[EventCountry "GER"]
[SourceTitle "EXT 2018"]
[Source "ChessBase"]
[SourceDate "2017.10.13"]
[SourceVersion "1"]
[SourceVersionDate "2017.10.13"]
[SourceQuality "1"]

1. e4 c5 2. Nf3 e6 3. b3 Nc6 4. Bb2 d6 5. Na3 Nf6 6. e5 dxe5 7. Nxe5 Nxe5 8. Bxe5 a6 9. Be2 b5 10. Bf3 Ra7 11. Bb8 Rd7 12. Bc6 Bb7 13. Bxd7+ Nxd7 14. Bg3 Bxg2 15. Rg1 Bb7 16. c4 Bc6 17. cxb5 axb5 18. Nc2 Be7 19. d4 0-0 20. dxc5 Bxc5 21. b4 Bb6 22. Bd6 Qf6 23. Ne3 Ne5 24. Bxf8 Nf3+ 25. Ke2 Nxg1+ 26. Qxg1 Bf3+ 27. Kd2 Qd4+ 28. Kc2 Be4+ 29. Kb3 Qd3+ 30. Kb2 Bd4+ 31. Kc1 Bxe3+ 32. Kb2 Bd4+ 0-1

[Event "Frankfurt-chA"]
[Site "Frankfurt"]
[Date "2015.05.18"]
[Round "4"]
[White "Kellerwessel, Ralf"]
[Black "Liebske, Reiner"]
[Result "1-0"]
[WhiteElo "1913"]
[BlackElo "1771"]
[PlyCount "41"]
[EventDate "2015.04.27"]
[EventType "swiss"]
[EventRounds "7"]
[EventCountry "GER"]
[SourceTitle "EXT 2016"]
[Source "ChessBase"]
[SourceDate "2015.10.08"]
[SourceVersion "1"]
[SourceVersionDate "2015.10.08"]
[SourceQuality "1"]

1. e4 c5 2. c3 d5 3. exd5 Qxd5 4. d4 cxd4 5. cxd4 Nc6 6. Nf3 e5 7. Nc3 Bb4 8. Bd2 Bxc3 9. Bxc3 Bg4 10. dxe5 Bxf3 11. Qxf3 Nge7 12. Be2 Nxe5 13. Qxd5 Nxd5 14. Bxe5 0-0 15. 0-0-0 Nb4 16. Kb1 Rfe8 17. f4 Rac8 18. Rd2 f6 19. Bd6 Nd5 20. Bg4 Rc6 21. Rxd5 1-0

[Event "Hofheim Spring op-B 3rd"]
[Site "Hofheim"]
[Date "2015.04.10"]
[Round "6"]
[White "Kellerwessel, Ralf"]
[Black "Wachsmann, Dietmar"]
[Result "1-0"]
[WhiteElo "1948"]
[BlackElo "1776"]
[PlyCount "57"]
[EventDate "2015.04.07"]
[EventType "swiss"]
[EventRounds "9"]
[EventCountry "GER"]
[SourceTitle "CBM 166 Extra"]
[Source "ChessBase"]
[SourceDate "2015.06.18"]
[SourceVersion "1"]
[SourceVersionDate "2015.06.18"]
[SourceQuality "1"]

1. e4 c5 2. Nf3 e6 3. d4 cxd4 4. Nxd4 Nf6 5. Nc3 d6 6. g4 h6 7. h4 Nc6 8. g5 hxg5 9. Bxg5 Be7 10. Bg2 a6 11. Nxc6 bxc6 12. e5 Nd5 13. Bxe7 Qxe7 14. Qg4 Kf8 15. exd6 Qxd6 16. 0-0-0 Bb7 17. Ne2 Rb8 18. h5 a5 19. c4 Qc5 20. Kb1 Nf6 21. Qg3 Rc8 22. b3 a4 23. Bf3 axb3 24. axb3 Nxh5 25. Qh4 g6 26. Rd7 Qb4 27. Kc2 e5 28. Bxh5 Rxh5 29. Qf6 1-0

[Event "Hessen-ch op-A"]
[Site "Frankfurt Sossenheim"]
[Date "2015.??.??"]
[Round "2"]
[White "Goloborodko, Dimitri"]
[Black "Kellerwessel, Ralf"]
[Result "1-0"]
[WhiteElo "2126"]
[BlackElo "1963"]
[PlyCount "61"]
[EventDate "2015.05.13"]
[EventType "swiss"]
[EventRounds "7"]
[EventCountry "GER"]
[SourceTitle "EXT 2016"]
[Source "ChessBase"]
[SourceDate "2015.10.08"]
[SourceVersion "1"]
[SourceVersionDate "2015.10.08"]
[SourceQuality "1"]

1. d4 e6 2. c4 Nf6 3. Nc3 Bb4 4. e3 0-0 5. Bd3 c5 6. Nge2 cxd4 7. exd4 d5 8. 0-0 dxc4 9. Bxc4 Nc6 10. Bg5 Be7 11. Bb3 Nb4 12. a3 Nbd5 13. Qd3 h6 14. Bh4 g6 15. Bg3 Bd7 16. Qd2 Kh7 17. Bc2 Bc6 18. Nf4 Nxf4 19. Bxf4 h5 20. Rfe1 Nd5 21. Be5 f5 22. Qe2 Bg5 23. Bd3 Re8 24. Nxd5 Qxd5 25. f3 b5 26. f4 Bd8 27. Rac1 a6 28. Rc5 Qd7 29. Rec1 Rc8 30. Qc2 Bb7 31. Rxc8 1-0

[Event "Hessen-ch op-A"]
[Site "Frankfurt Sossenheim"]
[Date "2015.??.??"]
[Round "3"]
[White "Kellerwessel, Ralf"]
[Black "Hillgaertner, Walter"]
[Result "1-0"]
[WhiteElo "1963"]
[BlackElo "1922"]
[PlyCount "89"]
[EventDate "2015.05.13"]
[EventType "swiss"]
[EventRounds "7"]
[EventCountry "GER"]
[SourceTitle "EXT 2016"]
[Source "ChessBase"]
[SourceDate "2015.10.08"]
[SourceVersion "1"]
[SourceVersionDate "2015.10.08"]
[SourceQuality "1"]

1. e4 e6 2. Nc3 d5 3. Nf3 Nf6 4. exd5 exd5 5. d4 Be7 6. Bd3 c6 7. h3 Nbd7 8. 0-0 0-0 9. Ne2 Re8 10. Ng3 Nf8 11. c3 Bd6 12. Bg5 Ne6 13. Bh4 Nf4 14. Bc2 Ng6 15. Bg5 Bxg3 16. fxg3 Qd6 17. Bxf6 Qxf6 18. Ne5 Qg5 19. Bxg6 fxg6 20. g4 Be6 21. Qe2 Re7 22. Qf2 Ree8 23. Rae1 Rf8 24. Nf3 Qf6 25. Qe3 Bd7 26. Ng5 Qd6 27. Nf3 Rae8 28. Ne5 Bc8 29. Qg5 Rxf1+ 30. Rxf1 Be6 31. Qh4 Rf8 32. Nf3 h6 33. Qe1 Bd7 34. Qb1 g5 35. Ne5 Rxf1+ 36. Qxf1 Be6 37. Qd3 Qf8 38. Qe3 Qf6 39. Qg3 a6 40. Nd3 Qd8 41. Nc5 Bf7 42. b4 Qc8 43. Qd6 Kh7 44. Qe7 Bg6 45. Ne6 1-0

[Event "Karl Mala Memorial op-A 17th"]
[Site "Frankfurt"]
[Date "2014.08.02"]
[Round "5"]
[White "Keller, Peter1111"]
[Black "Kellerwessel, Ralf"]
[Result "0-1"]
[WhiteElo "2110"]
[BlackElo "1927"]
[PlyCount "158"]
[EventDate "2014.07.31"]
[EventType "swiss"]
[EventRounds "7"]
[EventCountry "GER"]
[SourceTitle "EXT 2015"]
[Source "ChessBase"]
[SourceDate "2014.11.20"]
[SourceVersion "1"]
[SourceVersionDate "2014.11.20"]
[SourceQuality "1"]

1. e4 Nf6 2. e5 Nd5 3. d4 d6 4. Nf3 Bg4 5. Be2 e6 6. c4 Nb6 7. Be3 Nc6 8. Nc3 Be7 9. 0-0 0-0 10. exd6 cxd6 11. d5 Bxf3 12. Bxf3 Ne5 13. b3 Nxf3+ 14. Qxf3 e5 15. Qe2 f5 16. f4 Bf6 17. Rac1 a6 18. Rfd1 Nd7 19. b4 exf4 20. Bd4 Re8 21. Qf2 Bxd4 22. Rxd4 g5 23. h4 h6 24. hxg5 hxg5 25. g3 f3 26. Qxf3 Qf6 27. Qf2 Ne5 28. Kg2 Kg7 29. Rf1 Rf8 30. Qd2 Qg6 31. c5 Rad8 32. Re1 g4 33. Rf4 Rh8 34. Qd4 Kf7 35. Rxe5 dxe5 36. Qxe5 Rh5 37. Ne4 Rdh8 38. Rxf5+ Rxf5 39. Nd6+ Kg8 40. Nxf5 Qf7 41. Qe4 Qh5 42. Qe6+ Qf7 43. Ne7+ Kg7 44. Nf5+ Kg8 45. Qe4 Kf8 46. Ne3 Qg7 47. Qf5+ Ke7 48. Nc4 Kd8 49. Qe5 Qxe5 50. Nxe5 Rh5 51. Nxg4 Rxd5 52. Kf3 Rd4 53. a3 Rd3+ 54. Ke4 Rxa3 55. Ne3 Rb3 56. Nd5 Rxg3 57. Ke5 Rg5+ 58. Kd6 Rg6+ 59. Ke5 Kd7 60. Kd4 Rg4+ 61. Ke5 Rg5+ 62. Kd4 Kc6 63. Nb6 Kb5 64. Nd5 Rxd5+ 65. Kxd5 Kxb4 66. Kd6 a5 67. c6 bxc6 68. Kxc6 a4 69. Kb7 a3 70. Kb8 Kc5 71. Kc7 a2 72. Kd7 a1Q 73. Ke6 Qd4 74. Kf5 Kd6 75. Kg5 Qe4 76. Kh5 Qg2 77. Kh4 Ke5 78. Kh5 Kf5 79. Kh6 Qg6# 0-1

[Event "Karl Mala Memorial op-A 17th"]
[Site "Frankfurt"]
[Date "2014.08.01"]
[Round "2"]
[White "Kellerwessel, Ralf"]
[Black "Kunkel, Wolfgang"]
[Result "1-0"]
[WhiteElo "1927"]
[BlackElo "1738"]
[PlyCount "49"]
[EventDate "2014.07.31"]
[EventType "swiss"]
[EventRounds "7"]
[EventCountry "GER"]
[SourceTitle "EXT 2015"]
[Source "ChessBase"]
[SourceDate "2014.11.20"]
[SourceVersion "1"]
[SourceVersionDate "2014.11.20"]
[SourceQuality "1"]

1. Nf3 Nc6 2. d4 d5 3. e3 Nf6 4. c4 Bf5 5. a3 e6 6. Nc3 h6 7. b4 g5 8. Bb2 Bg7 9. Bd3 Bg6 10. Bxg6 fxg6 11. Qd3 Ne7 12. Ne5 dxc4 13. Qxc4 Nfd5 14. 0-0 Bxe5 15. dxe5 0-0 16. Ne4 a6 17. Rfd1 b5 18. Qb3 Qc8 19. g3 Qb7 20. Nc5 Qc8 21. e4 g4 22. exd5 Nxd5 23. Nxe6 c6 24. Nxf8 Qxf8 25. Rac1 1-0

[Event "Karl Mala Memorial op-A 17th"]
[Site "Frankfurt"]
[Date "2014.08.01"]
[Round "3"]
[White "Schmitzer, Klaus"]
[Black "Kellerwessel, Ralf"]
[Result "1/2-1/2"]
[WhiteElo "2289"]
[BlackElo "1927"]
[PlyCount "84"]
[EventDate "2014.07.31"]
[EventType "swiss"]
[EventRounds "7"]
[EventCountry "GER"]
[SourceTitle "EXT 2015"]
[Source "ChessBase"]
[SourceDate "2014.11.20"]
[SourceVersion "1"]
[SourceVersionDate "2014.11.20"]
[SourceQuality "1"]

1. e4 Nf6 2. e5 Nd5 3. d4 d6 4. c4 Nb6 5. exd6 exd6 6. Be3 Be7 7. Qd2 0-0 8. Nc3 Bf5 9. Nf3 Nc6 10. h3 d5 11. c5 Nc4 12. Bxc4 dxc4 13. 0-0 Re8 14. Rfd1 Bf6 15. b3 cxb3 16. axb3 a6 17. Ra4 b5 18. cxb6 cxb6 19. d5 Na5 20. Rf4 Bg6 21. Na4 Nxb3 22. Qa2 Nc5 23. Nxc5 bxc5 24. Bxc5 Re4 25. Rxe4 Bxe4 26. d6 Qd7 27. Nd2 Bb7 28. Nb3 a5 29. Ba3 Qc6 30. f3 Qc3 31. d7 Qe3+ 32. Kh1 a4 33. Qd2 Qxd2 34. Nxd2 Bd8 35. Ne4 Bxe4 36. fxe4 f6 37. e5 Kf7 38. Re1 fxe5 39. Rxe5 Ra7 40. Rd5 Ke6 41. Rd6+ Ke5 42. Rd1 Ke6 1/2-1/2

[Event "Hofheim Spring op-B 2nd"]
[Site "Hofheim"]
[Date "2014.04.24"]
[Round "5"]
[White "Kellerwessel, Ralf"]
[Black "Beck, Michael"]
[Result "1-0"]
[WhiteElo "1890"]
[BlackElo "1938"]
[PlyCount "97"]
[EventDate "2014.04.22"]
[EventType "swiss"]
[EventRounds "9"]
[EventCountry "GER"]
[SourceTitle "CBM 160 Extra"]
[Source "ChessBase"]
[SourceDate "2014.07.01"]
[SourceVersion "1"]
[SourceVersionDate "2014.07.01"]
[SourceQuality "1"]

1. e4 e6 2. d4 d5 3. Nd2 Nc6 4. Ngf3 Nf6 5. e5 Nd7 6. c3 f6 7. exf6 Qxf6 8. Nb3 Bd6 9. Bg5 Qf7 10. Be2 0-0 11. 0-0 e5 12. dxe5 Ncxe5 13. Nxe5 Nxe5 14. f4 Nd7 15. Bh5 g6 16. Bf3 Nf6 17. Bxf6 Qxf6 18. Bxd5+ Kg7 19. g3 Bh3 20. Bg2 Rad8 21. Bxh3 Bc5+ 22. Nxc5 Rxd1 23. Raxd1 Rf7 24. Ne6+ Kh6 25. g4 Qe7 26. g5+ Kh5 27. Rfe1 Kh4 28. Kg2 Qe8 29. Re4 Qc6 30. Rdd4 Rf5 31. Nd8 Qb6 32. Rd2 Qb5 33. Bxf5 Qxf5 34. Re3 Qc5 35. Rh3+ Kg4 36. Rg3+ Kh5 37. Rf3 Qe7 38. Nxb7 Kg4 39. h3+ Kh4 40. b4 h6 41. gxh6 g5 42. Nc5 Qe1 43. Rdf2 Qe7 44. f5 Qf6 45. Re2 c6 46. h7 g4 47. Re4 a5 48. hxg4 Qh8 49. Ne6 1-0

[Event "Hofheim Spring op-B 2nd"]
[Site "Hofheim"]
[Date "2014.04.23"]
[Round "2"]
[White "Kellerwessel, Ralf"]
[Black "Traut, Stefan"]
[Result "1-0"]
[WhiteElo "1890"]
[BlackElo "1776"]
[PlyCount "73"]
[EventDate "2014.04.22"]
[EventType "swiss"]
[EventRounds "9"]
[EventCountry "GER"]
[SourceTitle "CBM 160 Extra"]
[Source "ChessBase"]
[SourceDate "2014.07.01"]
[SourceVersion "1"]
[SourceVersionDate "2014.07.01"]
[SourceQuality "1"]

1. c4 c5 2. Nc3 Nf6 3. e4 d6 4. d3 g6 5. h3 Bg7 6. Be3 0-0 7. Be2 Nc6 8. f4 b6 9. Nf3 e6 10. 0-0 Bb7 11. Qd2 a6 12. a3 Qc7 13. Rab1 Rad8 14. b4 cxb4 15. axb4 d5 16. cxd5 exd5 17. exd5 Nxd5 18. Nxd5 Rxd5 19. d4 Rfd8 20. Bc4 R5d7 21. Rfc1 b5 22. Ba2 Qd6 23. d5 Ne7 24. Bc5 Qb8 25. Ne5 Bxe5 26. fxe5 Nxd5 27. Bd6 Qa8 28. Rf1 Qa7+ 29. Kh1 Qa8 30. Rbd1 Ne3 31. Qxe3 Bxg2+ 32. Kh2 Bxf1 33. Rxf1 Re8 34. Qf4 Qb7 35. e6 fxe6 36. Bxe6+ Kg7 37. Be5# 1-0

[Event "Karl Mala Memorial op-A 16th"]
[Site "Frankfurt"]
[Date "2013.07.14"]
[Round "7"]
[White "Kellerwessel, Ralf"]
[Black "Goetz, Jan Erik"]
[Result "1-0"]
[WhiteElo "1919"]
[BlackElo "1677"]
[PlyCount "69"]
[EventDate "2013.07.11"]
[EventType "swiss"]
[EventRounds "7"]
[EventCountry "GER"]
[SourceTitle "EXT 2014"]
[Source "ChessBase"]
[SourceDate "2013.11.20"]
[SourceVersion "1"]
[SourceVersionDate "2013.11.20"]
[SourceQuality "1"]

1. c4 Nf6 2. g3 g6 3. Nc3 Bg7 4. Bg2 0-0 5. e3 c6 6. Nge2 d5 7. b3 e5 8. cxd5 cxd5 9. d4 e4 10. 0-0 Bg4 11. Qd2 Bf3 12. h3 Qa5 13. Bxf3 exf3 14. Nf4 Nc6 15. Ncxd5 Qd8 16. Nxf6+ Qxf6 17. Bb2 Rac8 18. Rac1 Qf5 19. Kh2 Ne7 20. Ba3 Rfe8 21. Rxc8 Nxc8 22. Rc1 b6 23. Rc7 Bh6 24. Qc2 Bxf4 25. Qxf5 Bxg3+ 26. Kxg3 gxf5 27. Kxf3 Kg7 28. Kf4 Kg6 29. f3 h5 30. Rd7 a5 31. h4 Re6 32. d5 Rf6 33. Rc7 Nd6 34. Bxd6 Rxd6 35. Rc6 1-0

[Event "Karl Mala Memorial op-A 16th"]
[Site "Frankfurt"]
[Date "2013.07.13"]
[Round "5"]
[White "Kellerwessel, Ralf"]
[Black "Wiewesiek, Timo"]
[Result "1/2-1/2"]
[WhiteElo "1919"]
[BlackElo "1704"]
[PlyCount "116"]
[EventDate "2013.07.11"]
[EventType "swiss"]
[EventRounds "7"]
[EventCountry "GER"]
[SourceTitle "EXT 2014"]
[Source "ChessBase"]
[SourceDate "2013.11.20"]
[SourceVersion "1"]
[SourceVersionDate "2013.11.20"]
[SourceQuality "1"]

1. e3 c6 2. c4 Nf6 3. Nc3 d5 4. Nf3 Bf5 5. d4 e6 6. Be2 Nbd7 7. Nh4 Bg6 8. Bd2 Be7 9. 0-0 0-0 10. Nxg6 hxg6 11. Qc2 Rc8 12. Rac1 c5 13. cxd5 Nxd5 14. Qb3 Nxc3 15. bxc3 Qc7 16. Bf3 b6 17. g3 Nf6 18. Bg2 Rfd8 19. Rfd1 Rd7 20. Be1 cxd4 21. exd4 Qc4 22. Bf1 Qxb3 23. axb3 Rcd8 24. Bb5 Rd6 25. Be2 Kf8 26. Kf1 Nh7 27. f4 g5 28. Bd3 f5 29. Bd2 Kf7 30. Re1 gxf4 31. Bxf4 Bg5 32. Ra1 R6d7 33. Bc4 Re7 34. Re5 Kf6 35. Rae1 Rde8 36. Bb5 Rd8 37. Kf2 Bxf4 38. gxf4 g5 39. Kf3 gxf4 40. h4 Nf8 41. R5e2 Rh7 42. Rh2 Ng6 43. h5 Rdh8 44. Reh1 e5 45. dxe5+ Nxe5+ 46. Kxf4 Ng4 47. Rd2 Rxh5 48. Rd6+ Ke7 49. Rd7+ Kf6 50. Rhd1 Kg6 51. Rxa7 Rh2 52. Rb7 Rf2+ 53. Kg3 Rhh2 54. Rd6+ Nf6 55. Be8+ Kg5 56. Rg7+ Kh6 57. Rg6+ Kh7 58. Rgxf6 Rhg2+ 1/2-1/2

[Event "Budapest op 1st"]
[Site "Budapest"]
[Date "2011.08.26"]
[Round "7"]
[White "Markos, Adam"]
[Black "Kellerwessel, Ralf"]
[Result "1/2-1/2"]
[WhiteElo "1942"]
[BlackElo "1863"]
[PlyCount "75"]
[EventDate "2011.08.20"]
[EventType "swiss"]
[EventRounds "9"]
[EventCountry "HUN"]
[SourceTitle "EXT 2022"]
[Source "ChessBase"]
[SourceDate "2021.10.06"]
[SourceVersion "1"]
[SourceVersionDate "2021.10.06"]
[SourceQuality "1"]

1. e4 e5 2. Nf3 Nc6 3. d4 exd4 4. Bc4 Nf6 5. 0-0 Bc5 6. c3 Nxe4 7. cxd4 Be7 8. d5 Nb8 9. Re1 Nd6 10. Bb3 0-0 11. Bf4 Nf5 12. Qd3 d6 13. Nc3 Na6 14. Bc4 Nc5 15. Qe2 Bf6 16. Rac1 a5 17. Nb5 Bd7 18. Qd2 Nh4 19. Nxh4 Bxh4 20. Be3 Re8 21. Bxc5 dxc5 22. g3 Bf6 23. h4 Rxe1+ 24. Rxe1 Bxb5 25. Bxb5 c6 26. Bf1 cxd5 27. Bg2 Bd4 28. Qe2 h6 29. Qb5 Rb8 30. Re2 Qd6 31. Re8+ Kh7 32. Qd3+ g6 33. Rxb8 Qxb8 34. Bxd5 Kg7 35. b3 b6 36. Kg2 Qd6 37. Bc4 Qe7 38. Qf3 1/2-1/2

[Event "Budapest op 1st"]
[Site "Budapest"]
[Date "2011.08.25"]
[Round "6"]
[White "Halak, Miklos"]
[Black "Kellerwessel, Ralf"]
[Result "1-0"]
[WhiteElo "2033"]
[BlackElo "1863"]
[PlyCount "67"]
[EventDate "2011.08.20"]
[EventType "swiss"]
[EventRounds "9"]
[EventCountry "HUN"]
[SourceTitle "EXT 2022"]
[Source "ChessBase"]
[SourceDate "2021.10.06"]
[SourceVersion "1"]
[SourceVersionDate "2021.10.06"]
[SourceQuality "1"]

1. e4 e6 2. d4 d5 3. Nc3 Nf6 4. Bg5 Be7 5. e5 Nfd7 6. h4 0-0 7. Qg4 f6 8. Qxe6+ Kh8 9. exf6 Nxf6 10. Qe2 Bb4 11. 0-0-0 Bxc3 12. bxc3 Nc6 13. f3 Qd6 14. Bxf6 Rxf6 15. Qe8+ Rf8 16. Qh5 Bf5 17. g4 Bg6 18. Qg5 Qa3+ 19. Kd2 Qxa2 20. Rc1 Rf6 21. h5 Bf7 22. h6 Rxh6 23. Rxh6 gxh6 24. Qf6+ Kg8 25. Bd3 Qa3 26. Qxh6 Bg6 27. Bxg6 hxg6 28. Qxg6+ Kf8 29. Qf6+ Kg8 30. Qe6+ Kg7 31. g5 Rf8 32. Qh6+ Kg8 33. Qg6+ Kh8 34. Ne2 1-0

[Event "Budapest op 1st"]
[Site "Budapest"]
[Date "2011.08.24"]
[Round "5"]
[White "Kellerwessel, Ralf"]
[Black "Krizsany, Laszlo Sr"]
[Result "1-0"]
[WhiteElo "1863"]
[BlackElo "1944"]
[PlyCount "69"]
[EventDate "2011.08.20"]
[EventType "swiss"]
[EventRounds "9"]
[EventCountry "HUN"]
[SourceTitle "EXT 2022"]
[Source "ChessBase"]
[SourceDate "2021.10.06"]
[SourceVersion "1"]
[SourceVersionDate "2021.10.06"]
[SourceQuality "1"]

1. e4 c6 2. d4 d5 3. c4 dxe4 4. Be3 e6 5. a3 f5 6. Nc3 Nf6 7. f3 exf3 8. Nxf3 Bd6 9. Qc2 0-0 10. 0-0-0 Ng4 11. Bg5 Be7 12. Bxe7 Qxe7 13. Re1 Qc7 14. Kb1 a6 15. h3 Nh6 16. Bd3 b5 17. g4 Qa5 18. Ng5 c5 19. Nxe6 Nc6 20. d5 Nd4 21. Nxd4 cxd4 22. Ne2 Re8 23. Rd1 b4 24. axb4 Qxb4 25. Nxd4 Bd7 26. Nc6 Bxc6 27. dxc6 Qc5 28. g5 Nf7 29. Bxf5 Rf8 30. Be6 Kh8 31. h4 Ne5 32. Rhf1 Nxc6 33. g6 Rfb8 34. Qc3 Ra7 35. Rf5 1-0

[Event "Karl Mala Memorial op 14th"]
[Site "Frankfurt"]
[Date "2011.07.09"]
[Round "5"]
[White "Roling, Alexander"]
[Black "Kellerwessel, Ralf"]
[Result "0-1"]
[WhiteElo "1433"]
[BlackElo "1863"]
[PlyCount "92"]
[EventDate "2011.07.07"]
[EventType "swiss"]
[EventRounds "7"]
[EventCountry "GER"]
[SourceTitle "EXT 2012"]
[Source "ChessBase"]
[SourceDate "2011.11.24"]
[SourceVersion "1"]
[SourceVersionDate "2011.11.24"]
[SourceQuality "1"]

1. d4 Nf6 2. c4 c5 3. Nf3 cxd4 4. Nxd4 Nc6 5. Nc3 Qb6 6. Be3 Ng4 7. Nd5 Nxe3 8. fxe3 Qa5+ 9. b4 Nxb4 10. Qd2 e6 11. Nb3 Nc2+ 12. Kd1 Qxd2+ 13. Nxd2 exd5 14. Kxc2 dxc4 15. Nxc4 d5 16. Nb2 Bc5 17. Kd2 0-0 18. Rc1 Ba3 19. Rc2 Bb4+ 20. Kd1 Re8 21. Nd3 Ba5 22. Rc5 Bb6 23. Rxd5 Be6 24. e4 Bxd5 25. exd5 Rad8 26. g3 Rxd5 27. Bg2 Rd7 28. Bf3 g6 29. Kc2 Rc8+ 30. Kb3 Bd4 31. Rc1 Rxc1 32. Nxc1 h5 33. h3 Kg7 34. g4 h4 35. Kc4 Rc7+ 36. Kxd4 Rxc1 37. Kd3 Rc7 38. Ke3 Kf6 39. Kf4 g5+ 40. Ke4 b5 41. Ke3 Ke5 42. Be4 b4 43. Bd3 Rc3 44. Kd2 Kf4 45. e3+ Kg3 46. Bf1 Ra3 0-1